Introduiction Mechatronics and Measurement Systems / (Record no. 190534)

000 -LEADER
fixed length control field 00915 a2200193 4500
003 - CONTROL NUMBER IDENTIFIER
control field Nust
005 - DATE AND TIME OF LATEST TRANSACTION
control field 20221021122128.0
020 ## - INTERNATIONAL STANDARD BOOK NUMBER
International Standard Book Number 0070529108
040 ## - CATALOGING SOURCE
Transcribing agency Nust
082 ## - DEWEY DECIMAL CLASSIFICATION NUMBER
Classification number 621,ALC
100 ## - MAIN ENTRY--PERSONAL NAME
Personal name Mechatronics and measurement systems
9 (RLIN) 101089
245 ## - TITLE STATEMENT
Title Introduiction Mechatronics and Measurement Systems /
Statement of responsibility, etc. David G.Aliciatore & Michael B.Histand
250 ## - EDITION STATEMENT
Edition statement 2nd ed.
260 ## - PUBLICATION, DISTRIBUTION, ETC.
Place of publication, distribution, etc. New Delhi
Name of publisher, distributor, etc. Tata McGraw-Hill
Date of publication, distribution, etc. 2005
300 ## - PHYSICAL DESCRIPTION
Extent 466p
505 ## - FORMATTED CONTENTS NOTE
Formatted contents note Introduction to Mechatronics and Measurement Systems (Page-1), Electric Circuits and Components (Page-6), Semiconductor Electronic (Page-53), Systems Response (Page-96), Analog Signal Processing using Operational Amplifiers (Page-14), Digital Circuits (Page-178), Data Acquisition (Page-297), Sensors (Page-315), Actuators (Page-372), Mechtronic Systems Control Architectures and Case Studies (Page-416).
650 ## - SUBJECT ADDED ENTRY--TOPICAL TERM
Topical term or geographic name entry element mechatronics
942 ## - ADDED ENTRY ELEMENTS (KOHA)
Source of classification or shelving scheme
Koha item type Book
Holdings
Withdrawn status Lost status Source of classification or shelving scheme Damaged status Not for loan Permanent Location Current Location Shelving location Date acquired Full call number Barcode Date last seen Price effective from Koha item type Public note
          Military College of Signals (MCS) Military College of Signals (MCS) General Stacks 12/12/2016 621,ALC MCS32610 12/08/2016 12/12/2016 Book Almirah No.27, Shelf No.5
© 2023 Central Library, National University of Sciences and Technology. All Rights Reserved.